Mr Wonderful takes a Cruise / (Record no. 234074)
[ view plain ]
| 000 -LEADER | |
|---|---|
| fixed length control field | nam a22 7a 4500 |
| 003 - CONTROL NUMBER IDENTIFIER | |
| control field | Nust |
| 005 - DATE AND TIME OF LATEST TRANSACTION | |
| control field | 20170313102804.0 |
| 008 - FIXED-LENGTH DATA ELEMENTS--GENERAL INFORMATION | |
| fixed length control field | 170313b xxu||||| |||| 00| 0 eng d |
| 020 ## - INTERNATIONAL STANDARD BOOK NUMBER | |
| International Standard Book Number | 9780091905040 |
| 040 ## - CATALOGING SOURCE | |
| Transcribing agency | Nust |
| 082 ## - DEWEY DECIMAL CLASSIFICATION NUMBER | |
| Classification number | 941.086092 |
| Author Mark | NOT |
| 100 ## - MAIN ENTRY--PERSONAL NAME | |
| Personal name | Nott John; |
| 245 ## - TITLE STATEMENT | |
| Title | Mr Wonderful takes a Cruise / |
| Remainder of title | The Adventures of old Age Pensioner; |
| Statement of responsibility, etc. | John Nott; |
| 300 ## - PHYSICAL DESCRIPTION | |
| Extent | 218 p. |
| 650 ## - SUBJECT ADDED ENTRY--TOPICAL TERM | |
| Topical term or geographic name entry element | Manners and customs |
| Form subdivision | Fiction |
| 942 ## - ADDED ENTRY ELEMENTS (KOHA) | |
| Source of classification or shelving scheme | |
| Koha item type | Book |
| Withdrawn status | Lost status | Source of classification or shelving scheme | Damaged status | Not for loan | Collection code | Permanent Location | Current Location | Shelving location | Date acquired | Total Checkouts | Full call number | Barcode | Date last seen | Date last checked out | Copy number | Price effective from | Koha item type |
|---|---|---|---|---|---|---|---|---|---|---|---|---|---|---|---|---|---|
| Central Library (CL) | Central Library (CL) | Fiction | 03/13/2017 | 1 | 941.086092 NOT | CL172 | 02/02/2023 | 01/13/2023 | 1 | 03/13/2017 | Book |
